| 000 | 00361 a2200109 4500 | ||
|---|---|---|---|
| 001 | ART_41752 | ||
| 005 | 20260410161806.0 | ||
| 008 | 260409a | ||
| 245 | 1 | 0 | _aReflexiones sobre la intervención cautelar de sociedades y fideicomisos |
| 100 | 1 | _aPapa, Rodolfo G. | |
| 773 | 0 |
_tDoctrina Societaria y Concursal _g- Nº 305 (abr. 2013) _wREV4298 |
|
| 999 |
_c20991 _d20991 |
||